| 000 | 00528nam a2200181Ia 4500 | ||
|---|---|---|---|
| 003 | IEPS | ||
| 005 | 20250703135238.0 | ||
| 008 | 250223s9999||||xx |||||||||||||| ||und|| | ||
| 040 | _CIEPS | ||
| 041 | _aara | ||
| 082 | _a150.19 | ||
| 100 | _aمصطفى فهمي | ||
| 245 | 0 | _aعلم النفس : اصوله و تطبيقاته التربوية | |
| 260 |
_aالقاهرة _bمكتبة الخانجي بالقاهرة _c1967 |
||
| 300 |
_a529 ص. _bغلاف ملون _c24 سم. |
||
| 653 | _aالتربية | ||
| 942 | _cكتاب | ||
| 999 |
_c11029 _d11029 |
||